Normal view
MARC view
Entry Término temático
001 - NÚMERO DE CONTROL
- campo de control: 163392
003 - IDENTIFICADOR DEL NÚMERO DE CONTROL
- campo de control: OSt
005 - FECHA Y HORA DE LA ÚLTIMA TRANSACCIÓN
- campo de control: 20220624171930.0
008 - DATOS DE LONGITUD FIJA
- campo de control de longitud fija: 220127|| aca||aabn | a|a d
040 ## - FUENTE DE LA CATALOGACIÓN
- Centro catalogador/agencia de origen: mxchpua
- Centro/agencia transcriptor: CHAP
150 ## - ENCABEZAMIENTO--TÉRMINO DE MATERIA
- Término de materia o nombre geográfico como elemento de entrada: Nanopartículas
670 ## - FUENTE DE DATOS ENCONTRADOS
- Cita de la fuente: Work cat.: (OSt)179200: Santos Gaspar, José Manuel 163391, Sintesis y caracterización de nanopartículas core-shell de NaGdF4 ; Nd-Ni aplicadas para el tratamiento de desechos agroindustriales /, 2020
